[Event "EYTCC-G"]
[Site "?"]
[Date "2017.08.17"]
[Round "1.1"]
[White "Egyed, Judit"]
[Black "Injac, Teodora"]
[Result "1/2-1/2"]
[BlackElo "2279"]
[WhiteElo "2162"]
[LiveChessVersion "1.4.6"]

1. e4 {[%clk 1:30:52]} e6 {[%clk 1:30:54]} 2. d4 {[%clk 1:31:15]} d5
{[%clk 1:31:20]} 3. Nc3 {[%clk 1:31:39]} Nf6 {[%clk 1:31:30]} 4. Bg5
{[%clk 1:31:58]} Bb4 {[%clk 1:31:52]} 5. exd5 {[%clk 1:31:43]} exd5
{[%clk 1:32:16]} 6. Qf3 {[%clk 1:31:59]} Nbd7 {[%clk 1:32:08]} 7. Nge2
{[%clk 1:25:38]} h6 {[%clk 1:14:06]} 8. Bh4 {[%clk 1:22:17]} c6 {[%clk 1:10:41]}
9. O-O-O {[%clk 1:21:24]} Be7 {[%clk 1:08:20]} 10. Re1 {[%clk 1:04:06]} Nf8
{[%clk 0:40:27]} 11. Qd3 {[%clk 0:34:04]} Be6 {[%clk 0:29:10]} 12. f4
{[%clk 0:26:28]} Qd7 {[%clk 0:27:01]} 13. h3 {[%clk 0:22:17]} O-O-O
{[%clk 0:14:12]} 14. g4 {[%clk 0:15:45]} Qc7 {[%clk 0:14:29]} 15. f5
{[%clk 0:15:26]} Bd7 {[%clk 0:14:56]} 16. Bg3 {[%clk 0:15:31]} Bd6
{[%clk 0:13:36]} 17. Bxd6 {[%clk 0:14:56]} Qxd6 {[%clk 0:14:04]} 18. Qg3
{[%clk 0:15:08]} Kc7 {[%clk 0:10:15]} 19. Qxd6+ {[%clk 0:13:41]} Kxd6
{[%clk 0:10:43]} 20. Nf4 {[%clk 0:11:24]} N8h7 {[%clk 0:07:27]} 21. Nd3
{[%clk 0:09:48]} Rhe8 {[%clk 0:06:35]} 22. Bg2 {[%clk 0:09:00]} h5
{[%clk 0:05:03]} 23. Ne5 {[%clk 0:06:34]} Re7 {[%clk 0:05:25]} 24. Nd1
{[%clk 0:04:50]} Rde8 {[%clk 0:04:43]} 25. Nf2 {[%clk 0:04:36]} Bc8
{[%clk 0:04:02]} 26. Kd2 {[%clk 0:02:27]} hxg4 {[%clk 0:03:31]} 27. hxg4
{[%clk 0:02:55]} Ng5 {[%clk 0:03:53]} 28. b3 {[%clk 0:02:10]} Nd7
{[%clk 0:03:16]} 29. Nxd7 {[%clk 0:01:59]} Bxd7 {[%clk 0:03:09]} 30. Rxe7
{[%clk 0:02:00]} Rxe7 {[%clk 0:03:23]} 31. Re1 {[%clk 0:02:24]} Rxe1
{[%clk 0:02:45]} 32. Kxe1 {[%clk 0:02:50]} g6 {[%clk 0:01:18]} 33. fxg6
{[%clk 0:02:33]} fxg6 {[%clk 0:01:46]} 34. Ke2 {[%clk 0:02:16]} Nf7
{[%clk 0:00:58]} 1/2-1/2

[Event "EYTCC-G"]
[Site "?"]
[Date "2017.08.17"]
[Round "1.2"]
[White "Gajcin, Marina"]
[Black "Kovacs, Judit"]
[Result "1-0"]
[BlackElo "2062"]
[WhiteElo "2263"]
[LiveChessVersion "1.4.6"]

1. e4 {[%clk 1:30:37]} c5 {[%clk 1:30:51]} 2. Nf3 {[%clk 1:31:04]} e6
{[%clk 1:31:04]} 3. c4 {[%clk 1:31:29]} Nc6 {[%clk 1:31:10]} 4. Be2
{[%clk 1:31:31]} e5 {[%clk 1:29:52]} 5. O-O {[%clk 1:29:31]} d6 {[%clk 1:27:07]}
6. d3 {[%clk 1:29:05]} f5 {[%clk 1:26:33]} 7. exf5 {[%clk 1:26:02]} Bxf5
{[%clk 1:22:54]} 8. Nc3 {[%clk 1:17:16]} Be7 {[%clk 1:18:08]} 9. Ne1
{[%clk 0:56:45]} Nf6 {[%clk 1:08:29]} 10. Nc2 {[%clk 0:52:30]} O-O
{[%clk 1:04:21]} 11. Ne3 {[%clk 0:51:45]} Be6 {[%clk 0:58:40]} 12. Bf3
{[%clk 0:51:29]} Rb8 {[%clk 0:48:55]} 13. Bd5 {[%clk 0:42:16]} Bxd5
{[%clk 0:41:11]} 14. Nexd5 {[%clk 0:40:45]} a6 {[%clk 0:37:16]} 15. Be3
{[%clk 0:30:10]} b5 {[%clk 0:25:13]} 16. b3 {[%clk 0:16:48]} Nxd5
{[%clk 0:16:08]} 17. Nxd5 {[%clk 0:17:04]} Bg5 {[%clk 0:15:55]} 18. Qg4
{[%clk 0:16:04]} Bxe3 {[%clk 0:08:07]} 19. fxe3 {[%clk 0:14:53]} Rxf1+
{[%clk 0:04:26]} 20. Rxf1 {[%clk 0:15:05]} Qc8 {[%clk 0:04:18]} 21. Nf6+
{[%clk 0:11:43]} Kh8 {[%clk 0:04:10]} 22. Nd7 {[%clk 0:10:56]} Qg8
{[%clk 0:00:57]} 23. Nxb8 {[%clk 0:11:14]} Nxb8 {[%clk 0:01:22]} 24. Qf3
{[%clk 0:11:06]} 1-0

[Event "EYTCC-G"]
[Site "?"]
[Date "2017.08.17"]
[Round "1.3"]
[White "Kiolbasa, Oliwia"]
[Black "Rozman, Monika"]
[Result "0-1"]
[BlackElo "2082"]
[WhiteElo "2241"]
[LiveChessVersion "1.4.6"]

1. e4 {[%clk 1:30:51]} c5 {[%clk 1:30:55]} 2. Nf3 {[%clk 1:31:06]} d6
{[%clk 1:31:21]} 3. d4 {[%clk 1:31:23]} cxd4 {[%clk 1:31:45]} 4. Nxd4
{[%clk 1:31:42]} Nf6 {[%clk 1:32:11]} 5. Nc3 {[%clk 1:31:57]} a6 {[%clk 1:32:36]}
6. h3 {[%clk 1:32:14]} e6 {[%clk 1:32:30]} 7. g4 {[%clk 1:32:28]} Be7
{[%clk 1:32:45]} 8. Bg2 {[%clk 1:32:34]} Qc7 {[%clk 1:32:18]} 9. O-O
{[%clk 1:31:20]} Nc6 {[%clk 1:31:31]} 10. Be3 {[%clk 1:30:30]} O-O
{[%clk 1:25:58]} 11. g5 {[%clk 1:16:13]} Nd7 {[%clk 1:25:33]} 12. f4
{[%clk 1:16:34]} Nxd4 {[%clk 1:16:13]} 13. Qxd4 {[%clk 1:15:26]} b5
{[%clk 1:15:56]} 14. f5 {[%clk 0:49:38]} Bb7 {[%clk 1:02:43]} 15. f6
{[%clk 0:40:08]} Bd8 {[%clk 0:56:13]} 16. Rad1 {[%clk 0:25:17]} Ne5
{[%clk 0:51:52]} 17. b3 {[%clk 0:12:08]} Rc8 {[%clk 0:48:42]} 18. Nb1
{[%clk 0:12:11]} Qxc2 {[%clk 0:40:39]} 19. fxg7 {[%clk 0:05:16]} Re8
{[%clk 0:36:17]} 20. Bf4 {[%clk 0:03:16]} Rc6 {[%clk 0:27:20]} 21. Rc1
{[%clk 0:01:22]} Qxc1 {[%clk 0:25:56]} 22. Bxe5 {[%clk 0:00:49]} Bb6
{[%clk 0:20:54]} 23. Qxb6 {[%clk 0:00:45]} Qxf1+ {[%clk 0:21:14]} 24. Kxf1
{[%clk 0:01:12]} Rxb6 {[%clk 0:21:34]} 25. Bf6 {[%clk 0:01:38]} Rc6
{[%clk 0:20:58]} 0-1

[Event "EYTCC-G"]
[Site "?"]
[Date "2017.08.17"]
[Round "1.4"]
[White "Urh, Zala"]
[Black "Kubicka, Anna"]
[Result "0-1"]
[BlackElo "2226"]
[WhiteElo "2100"]
[LiveChessVersion "1.4.6"]

1. d4 {[%clk 1:30:53]} Nf6 {[%clk 1:30:39]} 2. c4 {[%clk 1:31:16]} g6
{[%clk 1:30:51]} 3. Nc3 {[%clk 1:31:36]} Bg7 {[%clk 1:31:03]} 4. e4
{[%clk 1:31:42]} d6 {[%clk 1:31:27]} 5. Nf3 {[%clk 1:31:44]} O-O {[%clk 1:31:47]}
6. h3 {[%clk 1:31:54]} Na6 {[%clk 1:31:44]} 7. Be3 {[%clk 1:30:37]} c6
{[%clk 1:30:35]} 8. Be2 {[%clk 1:29:01]} Qe8 {[%clk 1:30:14]} 9. O-O
{[%clk 1:25:21]} Nc7 {[%clk 1:29:24]} 10. Rc1 {[%clk 1:22:57]} Nd7
{[%clk 1:14:17]} 11. Re1 {[%clk 1:17:58]} e5 {[%clk 1:13:31]} 12. dxe5
{[%clk 1:07:29]} dxe5 {[%clk 1:12:59]} 13. Qd6 {[%clk 1:07:40]} Qd8
{[%clk 1:00:48]} 14. Red1 {[%clk 1:01:26]} Ne6 {[%clk 0:56:50]} 15. b4
{[%clk 0:57:38]} Re8 {[%clk 0:54:23]} 16. c5 {[%clk 0:54:20]} a5 {[%clk 0:47:09]}
17. a3 {[%clk 0:52:50]} axb4 {[%clk 0:47:29]} 18. axb4 {[%clk 0:53:18]} Qf6
{[%clk 0:45:24]} 19. Bc4 {[%clk 0:47:02]} Ndf8 {[%clk 0:37:06]} 20. Qd2
{[%clk 0:45:12]} Nf4 {[%clk 0:23:30]} 21. Nh2 {[%clk 0:32:08]} N8e6
{[%clk 0:13:24]} 22. Ne2 {[%clk 0:29:12]} Rd8 {[%clk 0:05:42]} 23. Qb2
{[%clk 0:28:54]} Nxe2+ {[%clk 0:05:42]} 24. Bxe2 {[%clk 0:29:05]} Nd4
{[%clk 0:05:44]} 25. Bxd4 {[%clk 0:29:00]} exd4 {[%clk 0:05:36]} 26. Nf3
{[%clk 0:26:26]} Qf4 {[%clk 0:04:14]} 27. Qb1 {[%clk 0:17:44]} Be6
{[%clk 0:03:30]} 28. Qd3 {[%clk 0:17:07]} Ra2 {[%clk 0:02:32]} 29. Rc2
{[%clk 0:15:15]} Rda8 {[%clk 0:01:56]} 30. Rxa2 {[%clk 0:14:37]} Rxa2
{[%clk 0:02:25]} 31. g3 {[%clk 0:13:08]} Qf6 {[%clk 0:01:31]} 32. Kg2
{[%clk 0:06:52]} Rb2 {[%clk 0:01:49]} 33. e5 {[%clk 0:04:16]} Qd8
{[%clk 0:01:26]} 34. Nxd4 {[%clk 0:01:51]} Bd5+ {[%clk 0:00:49]} 35. Bf3
{[%clk 0:01:58]} Rxb4 {[%clk 0:00:43]} 36. Bxd5 {[%clk 0:00:42]} Qxd5+
{[%clk 0:01:11]} 37. Nf3 {[%clk 0:00:59]} Qxc5 {[%clk 0:00:43]} 38. Qd8+
{[%clk 0:01:11]} Bf8 {[%clk 0:00:55]} 39. Qe8 {[%clk 0:00:39]} Rb2
{[%clk 0:00:58]} 40. Rf1 {[%clk 0:30:51]} Qd5 {[%clk 0:30:48]} 41. Re1
{[%clk 0:22:53]} Rb3 {[%clk 0:25:16]} 42. Re3 {[%clk 0:22:52]} Rxe3
{[%clk 0:25:09]} 43. fxe3 {[%clk 0:23:20]} Kg7 {[%clk 0:23:46]} 44. Kf2
{[%clk 0:20:54]} Qa2+ {[%clk 0:23:28]} 45. Kf1 {[%clk 0:20:52]} Qb1+
{[%clk 0:23:00]} 46. Kf2 {[%clk 0:19:31]} Qc2+ {[%clk 0:23:18]} 47. Kf1
{[%clk 0:19:32]} Qd3+ {[%clk 0:23:38]} 48. Kf2 {[%clk 0:19:30]} Bc5
{[%clk 0:22:44]} 49. g4 {[%clk 0:14:56]} Bxe3+ {[%clk 0:22:07]} 50. Kg3
{[%clk 0:15:09]} Qe2 {[%clk 0:22:09]} 0-1

[Event "EYTCC-G"]
[Site "?"]
[Date "2017.08.17"]
[Round "1.5"]
[White "Erseki, Tamara"]
[Black "Schneider, Jana"]
[Result "0-1"]
[BlackElo "2275"]
[WhiteElo "2119"]
[LiveChessVersion "1.4.6"]

1. e4 {[%clk 1:30:53]} e6 {[%clk 1:30:50]} 2. d4 {[%clk 1:31:11]} d5
{[%clk 1:31:13]} 3. Nd2 {[%clk 1:31:31]} c5 {[%clk 1:31:33]} 4. exd5
{[%clk 1:31:43]} Qxd5 {[%clk 1:31:53]} 5. Ngf3 {[%clk 1:31:51]} cxd4
{[%clk 1:32:12]} 6. Bc4 {[%clk 1:32:08]} Qd6 {[%clk 1:32:31]} 7. O-O
{[%clk 1:32:13]} Nf6 {[%clk 1:32:48]} 8. Nb3 {[%clk 1:32:11]} Nc6
{[%clk 1:33:04]} 9. Nbxd4 {[%clk 1:32:14]} Nxd4 {[%clk 1:33:21]} 10. Nxd4
{[%clk 1:32:40]} a6 {[%clk 1:33:39]} 11. Re1 {[%clk 1:32:22]} Qc7
{[%clk 1:33:53]} 12. Qe2 {[%clk 1:31:59]} h6 {[%clk 1:33:25]} 13. g3
{[%clk 1:31:32]} b5 {[%clk 1:24:08]} 14. Bd3 {[%clk 1:30:56]} Bc5
{[%clk 1:21:25]} 15. Nb3 {[%clk 1:30:30]} Bd6 {[%clk 1:17:06]} 16. Bd2
{[%clk 1:14:43]} h5 {[%clk 0:59:46]} 17. Bc3 {[%clk 1:08:29]} h4 {[%clk 0:53:36]}
18. Bxf6 {[%clk 1:04:28]} gxf6 {[%clk 0:53:08]} 19. Qf3 {[%clk 0:57:04]} hxg3
{[%clk 0:42:22]} 20. hxg3 {[%clk 0:52:38]} Bb7 {[%clk 0:39:30]} 21. Be4
{[%clk 0:52:06]} Bxe4 {[%clk 0:35:45]} 22. Qxe4 {[%clk 0:43:34]} Rc8
{[%clk 0:33:22]} 23. Qf3 {[%clk 0:22:56]} Rg8 {[%clk 0:26:59]} 24. Re3
{[%clk 0:20:30]} Be5 {[%clk 0:22:25]} 25. c3 {[%clk 0:17:43]} f5 {[%clk 0:18:08]}
26. Rae1 {[%clk 0:15:49]} Bxg3 {[%clk 0:16:05]} 27. Kf1 {[%clk 0:04:44]} Bh2
{[%clk 0:10:40]} 28. Qxf5 {[%clk 0:03:12]} Qc4+ {[%clk 0:10:19]} 29. Qd3
{[%clk 0:03:28]} Rg1+ {[%clk 0:10:33]} 30. Ke2 {[%clk 0:03:54]} Qg4+
{[%clk 0:10:43]} 31. Rf3 {[%clk 0:02:54]} Rxe1+ {[%clk 0:03:00]} 32. Kxe1
{[%clk 0:03:20]} Rd8 {[%clk 0:03:15]} 33. Nd4 {[%clk 0:02:14]} Be5
{[%clk 0:02:54]} 34. Qe3 {[%clk 0:01:40]} Bxd4 {[%clk 0:03:02]} 35. cxd4
{[%clk 0:01:54]} Rxd4 {[%clk 0:03:13]} 36. Kf1 {[%clk 0:01:37]} Rd1+
{[%clk 0:02:37]} 37. Ke2 {[%clk 0:02:04]} Qg1 {[%clk 0:02:53]} 38. Qc3
{[%clk 0:02:31]} Qf1+ {[%clk 0:02:21]} 39. Ke3 {[%clk 0:02:57]} Re1+
{[%clk 0:02:01]} 40. Kf4 {[%clk 0:32:28]} Rc1 {[%clk 0:31:28]} 41. Qh8+
{[%clk 0:28:27]} Ke7 {[%clk 0:30:35]} 42. b3 {[%clk 0:28:34]} Rd1
{[%clk 0:18:20]} 43. Qe5 {[%clk 0:26:08]} Rd5 {[%clk 0:17:38]} 44. Qc7+
{[%clk 0:26:23]} Kf8 {[%clk 0:17:38]} 45. Qc8+ {[%clk 0:24:39]} Kg7
{[%clk 0:18:00]} 46. Rg3+ {[%clk 0:24:39]} Kf6 {[%clk 0:18:18]} 47. Qc3+
{[%clk 0:22:59]} e5+ {[%clk 0:18:19]} 48. Ke3 {[%clk 0:22:43]} Qd1
{[%clk 0:14:31]} 49. Rf3+ {[%clk 0:18:24]} Kg7 {[%clk 0:12:37]} 50. Ke4
{[%clk 0:10:53]} f6 {[%clk 0:07:18]} 51. Kf5 {[%clk 0:06:35]} Kf7
{[%clk 0:06:07]} 52. Ke4 {[%clk 0:03:23]} Rd7 {[%clk 0:04:12]} 53. Ke3
{[%clk 0:02:47]} Qd5 {[%clk 0:04:23]} 54. Rh3 {[%clk 0:02:33]} Ke6
{[%clk 0:03:57]} 55. Ke2 {[%clk 0:01:54]} Qe4+ {[%clk 0:03:52]} 56. Re3
{[%clk 0:02:02]} Qg4+ {[%clk 0:04:16]} 57. Kf1 {[%clk 0:02:07]} Qd1+
{[%clk 0:02:02]} 58. Re1 {[%clk 0:02:03]} Qd5 {[%clk 0:02:13]} 59. Qh3+
{[%clk 0:02:03]} Kd6 {[%clk 0:01:24]} 60. Qg4 {[%clk 0:02:23]} Kc6
{[%clk 0:01:12]} 61. Kg1 {[%clk 0:00:51]} Kb6 {[%clk 0:01:00]} 62. Qg6
{[%clk 0:00:45]} Qc6 {[%clk 0:01:02]} 63. Qg8 {[%clk 0:00:44]} Ka7
{[%clk 0:00:43]} 64. Qf8 {[%clk 0:00:52]} Kb6 {[%clk 0:00:48]} 65. Qb8+
{[%clk 0:00:45]} Ka5 {[%clk 0:01:14]} 66. Qf8 {[%clk 0:00:46]} Rd2
{[%clk 0:01:08]} 67. b4+ {[%clk 0:00:35]} Ka4 {[%clk 0:01:11]} 68. Qf7
{[%clk 0:01:01]} Rb2 {[%clk 0:01:10]} 69. a3 {[%clk 0:01:07]} Kxa3
{[%clk 0:01:07]} 70. Ra1+ {[%clk 0:00:54]} Kxb4 {[%clk 0:01:32]} 71. Qe7+
{[%clk 0:01:16]} Kb3 {[%clk 0:00:56]} 72. Qa3+ {[%clk 0:00:55]} Kc2
{[%clk 0:01:22]} 73. Qe3 {[%clk 0:00:52]} Rb1+ {[%clk 0:01:09]} 74. Rxb1
{[%clk 0:01:20]} Kxb1 {[%clk 0:01:34]} 75. Qb3+ {[%clk 0:01:17]} Kc1
{[%clk 0:02:00]} 76. Qe3+ {[%clk 0:01:39]} Kb2 {[%clk 0:02:22]} 0-1

[Event "EYTCC-G"]
[Site "?"]
[Date "2017.08.17"]
[Round "1.6"]
[White "Rogozenco, Teodora"]
[Black "Kassay, Lilla"]
[Result "0-1"]
[BlackElo "2011"]
[WhiteElo "2162"]
[LiveChessVersion "1.4.6"]

1. d4 {[%clk 1:30:59]} Nf6 {[%clk 1:30:52]} 2. c4 {[%clk 1:31:24]} e6
{[%clk 1:31:17]} 3. Nf3 {[%clk 1:31:51]} Bb4+ {[%clk 1:31:41]} 4. Bd2
{[%clk 1:31:38]} Qe7 {[%clk 1:32:04]} 5. e3 {[%clk 1:31:45]} Nc6 {[%clk 1:31:20]}
6. a3 {[%clk 1:28:36]} Bxd2+ {[%clk 1:31:36]} 7. Nbxd2 {[%clk 1:24:37]} d6
{[%clk 1:28:58]} 8. Bd3 {[%clk 1:23:12]} O-O {[%clk 1:27:55]} 9. O-O
{[%clk 1:23:36]} a5 {[%clk 1:26:10]} 10. Re1 {[%clk 1:19:53]} Bd7
{[%clk 1:15:37]} 11. Bc2 {[%clk 1:18:53]} a4 {[%clk 1:07:03]} 12. Nb1
{[%clk 1:14:18]} e5 {[%clk 0:48:56]} 13. Nc3 {[%clk 1:12:24]} Bg4
{[%clk 0:41:01]} 14. h3 {[%clk 1:00:20]} Bh5 {[%clk 0:28:29]} 15. g4
{[%clk 0:59:26]} Bg6 {[%clk 0:26:08]} 16. Bxa4 {[%clk 0:57:37]} e4
{[%clk 0:19:31]} 17. Nd2 {[%clk 0:53:34]} Nd7 {[%clk 0:11:18]} 18. Bc2
{[%clk 0:42:13]} f5 {[%clk 0:06:49]} 19. gxf5 {[%clk 0:31:24]} Bxf5
{[%clk 0:06:49]} 20. Ndxe4 {[%clk 0:25:36]} Qh4 {[%clk 0:05:16]} 21. Ng3
{[%clk 0:24:48]} Bxc2 {[%clk 0:04:08]} 22. Qxc2 {[%clk 0:25:13]} Qxh3
{[%clk 0:04:22]} 23. Nd5 {[%clk 0:21:30]} Nce5 {[%clk 0:03:22]} 24. dxe5
{[%clk 0:14:11]} Nxe5 0-1

[Event "EYTCC-G"]
[Site "?"]
[Date "2017.08.17"]
[Round "1.7"]
[White "Sliwicka, Alicja"]
[Black "Srdanovic, Jovana"]
[Result "1-0"]
[BlackElo "2105"]
[WhiteElo "2204"]
[LiveChessVersion "1.4.6"]

1. e4 {[%clk 1:30:56]} c5 {[%clk 1:30:51]} 2. c4 {[%clk 1:31:19]} Nc6
{[%clk 1:30:19]} 3. Ne2 {[%clk 1:31:37]} d6 {[%clk 1:27:30]} 4. Nbc3
{[%clk 1:31:37]} g6 {[%clk 1:23:14]} 5. d4 {[%clk 1:31:33]} cxd4 {[%clk 1:23:10]}
6. Nxd4 {[%clk 1:31:53]} Bg7 {[%clk 1:23:28]} 7. Be3 {[%clk 1:31:45]} Nf6
{[%clk 1:22:27]} 8. f3 {[%clk 1:28:35]} O-O {[%clk 1:20:26]} 9. Be2
{[%clk 1:28:55]} Bd7 {[%clk 1:11:12]} 10. Qd2 {[%clk 1:29:01]} a6
{[%clk 1:01:44]} 11. O-O {[%clk 1:27:57]} Rc8 {[%clk 0:59:11]} 12. Rac1
{[%clk 1:26:37]} Nxd4 {[%clk 0:52:27]} 13. Bxd4 {[%clk 1:26:48]} Be6
{[%clk 0:48:39]} 14. b3 {[%clk 1:26:51]} Nd7 {[%clk 0:47:20]} 15. Be3
{[%clk 1:27:03]} Nc5 {[%clk 0:40:00]} 16. Rfe1 {[%clk 1:26:58]} Re8
{[%clk 0:35:48]} 17. b4 {[%clk 1:21:38]} Nd7 {[%clk 0:32:23]} 18. Nd5
{[%clk 1:21:47]} Nf6 {[%clk 0:27:12]} 19. a4 {[%clk 1:17:09]} Nxd5
{[%clk 0:18:41]} 20. exd5 {[%clk 1:16:45]} Bf5 {[%clk 0:17:24]} 21. a5
{[%clk 1:16:30]} Rf8 {[%clk 0:15:12]} 22. Bf1 {[%clk 1:12:39]} h5
{[%clk 0:11:22]} 23. Bb6 {[%clk 1:01:13]} Qd7 {[%clk 0:10:35]} 24. b5
{[%clk 0:53:40]} Kh7 {[%clk 0:08:41]} 25. bxa6 {[%clk 0:46:34]} bxa6
{[%clk 0:08:44]} 26. Qf2 {[%clk 0:45:25]} Rfe8 {[%clk 0:08:11]} 27. h3
{[%clk 0:42:35]} Bh6 {[%clk 0:07:17]} 28. Ra1 {[%clk 0:39:03]} g5
{[%clk 0:07:10]} 29. Ra2 {[%clk 0:31:03]} Bg7 {[%clk 0:06:26]} 30. Be3
{[%clk 0:28:44]} Bf6 {[%clk 0:06:33]} 31. g4 {[%clk 0:24:09]} Bg6
{[%clk 0:06:30]} 32. Qd2 {[%clk 0:23:19]} hxg4 {[%clk 0:05:27]} 33. hxg4
{[%clk 0:23:11]} Kh6 {[%clk 0:03:46]} 34. c5 {[%clk 0:18:13]} dxc5
{[%clk 0:03:54]} 35. Bxa6 {[%clk 0:18:18]} Ra8 {[%clk 0:04:05]} 36. Bc4
{[%clk 0:18:18]} Rh8 {[%clk 0:03:42]} 37. a6 {[%clk 0:16:51]} Kg7
{[%clk 0:02:57]} 38. Bxg5 {[%clk 0:13:57]} Bxg5 {[%clk 0:02:24]} 39. Qxg5
{[%clk 0:14:18]} Ra7 {[%clk 0:02:29]} 40. Rae2 {[%clk 0:42:29]} Kf8
{[%clk 0:31:55]} 41. Rxe7 {[%clk 0:38:50]} Qxe7 {[%clk 0:32:20]} 42. Rxe7
{[%clk 0:39:12]} Rxe7 {[%clk 0:32:46]} 43. d6 {[%clk 0:37:48]} Re1+
{[%clk 0:32:53]} 44. Kf2 {[%clk 0:38:00]} Rd1 {[%clk 0:32:35]} 45. a7
{[%clk 0:37:23]} 1-0

[Event "EYTCC-G"]
[Site "?"]
[Date "2017.08.17"]
[Round "1.8"]
[White "Nestorovic, Katarina"]
[Black "Antolak, Julia"]
[Result "0-1"]
[BlackElo "2204"]
[WhiteElo "1941"]
[LiveChessVersion "1.4.6"]

1. e4 {[%clk 1:30:56]} c5 {[%clk 1:30:52]} 2. Nf3 {[%clk 1:31:14]} Nc6
{[%clk 1:31:04]} 3. d4 {[%clk 1:31:24]} cxd4 {[%clk 1:31:26]} 4. Nxd4
{[%clk 1:31:50]} Qb6 {[%clk 1:31:48]} 5. Nb3 {[%clk 1:28:52]} Nf6
{[%clk 1:31:59]} 6. Nc3 {[%clk 1:27:34]} e6 {[%clk 1:32:22]} 7. Be3
{[%clk 1:24:26]} Qc7 {[%clk 1:32:23]} 8. f4 {[%clk 1:15:27]} Bb4 {[%clk 1:26:09]}
9. Qf3 {[%clk 1:13:25]} d5 {[%clk 1:21:11]} 10. e5 {[%clk 0:56:43]} Ne4
{[%clk 1:19:34]} 11. Bd2 {[%clk 0:56:09]} Nxd2 {[%clk 1:13:03]} 12. Nxd2
{[%clk 0:54:53]} Bd7 {[%clk 1:11:40]} 13. a3 {[%clk 0:38:45]} Nd4
{[%clk 1:05:01]} 14. Qd3 {[%clk 0:37:05]} Bc5 {[%clk 1:05:13]} 15. Nf3
{[%clk 0:28:01]} Nxf3+ {[%clk 1:00:55]} 16. Qxf3 {[%clk 0:27:38]} Rc8
{[%clk 0:58:07]} 17. Bd3 {[%clk 0:24:11]} Qa5 {[%clk 0:49:58]} 18. Ke2
{[%clk 0:22:10]} Bd4 {[%clk 0:46:31]} 19. Nd1 {[%clk 0:22:00]} Bb5
{[%clk 0:45:05]} 20. c3 {[%clk 0:21:24]} Bb6 {[%clk 0:44:05]} 21. Rf1
{[%clk 0:11:49]} O-O {[%clk 0:40:30]} 22. b4 {[%clk 0:09:27]} Qa4
{[%clk 0:40:07]} 23. Bxb5 {[%clk 0:09:35]} Qxb5+ {[%clk 0:40:31]} 24. Qd3
{[%clk 0:09:48]} Qc6 {[%clk 0:38:23]} 25. Rf3 {[%clk 0:09:32]} d4
{[%clk 0:36:11]} 26. Rc1 {[%clk 0:07:52]} dxc3 {[%clk 0:35:14]} 27. Rxc3
{[%clk 0:07:03]} Qe8 {[%clk 0:30:45]} 28. Rxc8 {[%clk 0:03:52]} Qxc8
{[%clk 0:31:10]} 29. Qc3 {[%clk 0:04:17]} Qd8 {[%clk 0:31:20]} 30. Qd3
{[%clk 0:03:34]} Qh4 {[%clk 0:29:38]} 31. Rh3 {[%clk 0:02:16]} Qg4+
{[%clk 0:30:03]} 32. Qf3 {[%clk 0:02:31]} Qg6 {[%clk 0:30:26]} 33. Ke1
{[%clk 0:01:10]} Rd8 {[%clk 0:29:35]} 34. g4 {[%clk 0:01:37]} Qc2
{[%clk 0:28:37]} 35. Qe2 {[%clk 0:01:44]} Rxd1+ {[%clk 0:28:57]} 0-1

[Event "EYTCC-G"]
[Site "?"]
[Date "2017.08.17"]
[Round "1.9"]
[White "Gundogan, Sinem Cagla"]
[Black "Pychova, Nela"]
[Result "0-1"]
[BlackElo "2201"]
[WhiteElo "2067"]
[LiveChessVersion "1.4.6"]

1. e4 c5 2. Nc3 Nc6 {[%clk 1:30:30]} 3. g3 {[%clk 1:30:30]} g6 {[%clk 1:30:48]}
4. Bg2 {[%clk 1:31:21]} Bg7 {[%clk 1:31:06]} 5. d3 {[%clk 1:31:44]} d6
{[%clk 1:31:20]} 6. Be3 {[%clk 1:30:42]} e5 {[%clk 1:30:06]} 7. Nh3
{[%clk 1:29:44]} Nge7 {[%clk 1:29:46]} 8. O-O {[%clk 1:28:48]} O-O
{[%clk 1:29:27]} 9. f4 {[%clk 1:26:48]} exf4 {[%clk 1:28:37]} 10. Nxf4
{[%clk 1:22:43]} Rb8 {[%clk 1:28:16]} 11. Qd2 {[%clk 1:18:38]} b5
{[%clk 1:19:52]} 12. Nfd5 {[%clk 1:03:56]} b4 {[%clk 1:13:49]} 13. Nxe7+
{[%clk 0:46:11]} Nxe7 {[%clk 1:13:49]} 14. Nd1 {[%clk 0:46:35]} Nc6
{[%clk 1:10:53]} 15. c3 {[%clk 0:44:53]} bxc3 {[%clk 1:06:09]} 16. bxc3
{[%clk 0:43:49]} Ba6 {[%clk 0:59:13]} 17. Nf2 {[%clk 0:40:54]} Ne5
{[%clk 0:56:22]} 18. Rfd1 {[%clk 0:37:46]} Qa5 {[%clk 0:55:47]} 19. Rac1
{[%clk 0:37:21]} Qa3 {[%clk 0:48:57]} 20. Rc2 {[%clk 0:33:35]} Rfc8
{[%clk 0:44:45]} 21. Bh6 {[%clk 0:30:52]} Bh8 {[%clk 0:41:54]} 22. Qf4
{[%clk 0:26:49]} Bb5 {[%clk 0:37:16]} 23. Rcc1 {[%clk 0:25:55]} Bd7
{[%clk 0:32:54]} 24. Nh3 {[%clk 0:10:21]} Rb2 {[%clk 0:27:28]} 25. d4
{[%clk 0:05:59]} cxd4 {[%clk 0:06:57]} 26. cxd4 {[%clk 0:06:27]} Rxc1
{[%clk 0:05:01]} 27. Rxc1 {[%clk 0:05:34]} Nd3 {[%clk 0:02:25]} 28. Qg5
{[%clk 0:03:16]} Bxd4+ {[%clk 0:01:12]} 29. Kh1 {[%clk 0:03:34]} Rb8
{[%clk 0:01:16]} 30. Rf1 {[%clk 0:01:05]} Be6 {[%clk 0:00:40]} 31. Qe7
{[%clk 0:01:02]} Qxa2 {[%clk 0:00:37]} 32. Qxd6 {[%clk 0:01:15]} Qb2
{[%clk 0:00:41]} 33. Ng5 {[%clk 0:00:34]} Qb6 {[%clk 0:00:45]} 34. Qa3
{[%clk 0:00:34]} Nf2+ {[%clk 0:00:59]} 35. Rxf2 {[%clk 0:00:34]} Bxf2
{[%clk 0:01:24]} 0-1